000 00602nam a2200193 i 4500
001 143638
003 ES-MaACL
005 20230906200847.0
007 t|
008 070214s1931 sp r ||||1| spa d
080 _a012(Menéndez Pidal)
100 1 _aSerís, Homero,
_d1879-1969
_9105555
245 1 0 _aSuplemento a la bibliografía de Ramón Menéndez Pidal /
_cHomero Serís.
260 _aMadrid :
_bHernando,
_c1931.
300 _a62 p. ;
_c26 cm.
600 1 7 _aMenéndez Pidal, Ramón,
_d1869-1968-
_vBibliografías
_2
_9158958
852 _aES-MaACL
_j1754-F-12
999 _c143638
_d143638